Το σενάριο : η δομή και η τεχνική της συγγραφής του
Αποθηκεύτηκε σε:
| Κύριος συγγραφέας: | |
|---|---|
| Μορφή: | Βιβλίο |
| Γλώσσα: | Greek |
| Δημοσίευση: |
Αθήνα :
Αιγόκερως,
1997.
|
| Σειρά: | Κινηματογράφος (Αιγόκερως (Εταιρεία))
|
| Θέματα: | |
| Ετικέτες: |
Προσθήκη ετικέτας
Δεν υπάρχουν, Καταχωρήστε ετικέτα πρώτοι!
|
MARC
| LEADER | 00000cam a2200000 i 4500 | ||
|---|---|---|---|
| 001 | 1/26741 | ||
| 008 | 981218s1997 gr | ||| |||| ||gre|| | ||
| 020 | |a 9603221023 | ||
| 035 | |l 10037655 | ||
| 040 | |a GRMyUa |b gre |e AACR2 | ||
| 041 | 0 | |a gre | |
| 082 | 7 | |a 791.437 |2 (21) | |
| 082 | 7 | |a 808.23 |2 (23) | |
| 100 | 1 | |a Βαλούκος, Στάθης, |d 1951- | |
| 245 | 1 | 3 | |a Το σενάριο : |b η δομή και η τεχνική της συγγραφής του / |c Στάθης Βαλούκος. |
| 260 | |a Αθήνα : |b Αιγόκερως, |c 1997. | ||
| 300 | |a 250 σ. ; |c 21 εκ. | ||
| 490 | 1 | |a (Κινηματογράφος / Αιγόκερως) | |
| 504 | |a Περιλαμβάνει βιβλιογραφία. | ||
| 650 | 0 | |a Motion picture authorship. | |
| 650 | 0 | |a Motion picture plays |x Technique. | |
| 650 | 0 | |a Television plays. | |
| 830 | 0 | |a Κινηματογράφος (Αιγόκερως (Εταιρεία)) | |
| 852 | |a INST |b LESVOS |e 19981218 |h 791.437 ΒΑΛ |p 005100018085 |q 005100018085 |t BK |y 0 | ||
| 852 | |a INST |b LESVOS |e 19981218 |h 791.437 ΒΑΛ |p 005100018090 |q 005100018090 |t BK |y 0 | ||
| 852 | |a INST |b LESVOS |e 19981218 |h 791.437 ΒΑΛ |p 005100018091 |q 005100018091 |t BK |y 0 | ||
| 852 | |a INST |b LESVOS |e 19981218 |h 791.437 ΒΑΛ |p 005100018092 |q 005100018092 |t BK |y 0 | ||
| 852 | |a INST |b SYROS |e 20010129 |h 808.23 ΒΑΛ |p 005500001515 |q 005500001515 |t BK |y 0 | ||
| 901 | |a BIBL5-2001-1 | ||
| 901 | |a BIBL-1998-3 | ||
| 922 | |a 1ΔΩΡ |b 199808 |c Φ.Μ | ||
| 970 | |a Κοντού |b Παρασκευή |z 29/01/2001 | ||